RESISTANCE OF MICE TO REINFECTION AFTER E-AMINOCAPROIC ACID TREATMENT OF PRIMARY INFLUENZA VIRUS INFECTION

Bibliographic Details
Main Authors: Lozitsky, V. P. (Author), Puzis, L. E. (Author), Polyak, R. Ya (Author)
Format: Article
Language:English

MARC

LEADER 00000nab a2200000uu 4500
001 vtls011455511
003 SK-MaSNL
005 20260303220458.0
008 230222|1988 xo |||||||||||||||||eng|
015 |a SNBRB 
035 |a (urnnbn)urn:nbn:sk:snk:ar-a07s5r 
035 |a (uuid)9c4e7743-32da-4d22-9352-1aa59733685a 
035 |a urn:nbn:sk:snk-abcqji 
040 |a SNKBUCL  |b slo  |c SNKBUCL  |e AACR2 
041 0 |a eng 
044 |a xo  |c SK 
100 1 |a Lozitsky, V. P.  |4 aut  |9 1253636 
245 1 0 |a RESISTANCE OF MICE TO REINFECTION AFTER E-AMINOCAPROIC ACID TREATMENT OF PRIMARY INFLUENZA VIRUS INFECTION  |c V. P. Lozitsky, L. E. Puzis, R. Ya. Polyak 
700 1 |a Puzis, L. E.  |4 aut  |9 959802 
700 1 |a Polyak, R. Ya.  |4 aut  |9 1200232 
773 0 |t Acta virologica  |g Roč. 32, č. 2 (1988), s. 117-122 
958 |a OND 
958 |a EUIPO 
958 |a article16 
999 |c 2227421  |d 2229351